00381nam a2200121 a 45000010005000000030005000050050017000100080041000270400020000681000033000882450118001212600020002391972CDMR20130116135222.0130130s1969||||||||||||||||||||||||||||d aCDMRbcatcCDMR1 aDomingo Pamies, José Oriol13aLa cuestión social y la ortodoxia católica en el Dr. Angel Carbonell (1877-1940)cJosé-Oriol Domingo Pamies aBarcelonac1969